Online katalóg knižníc regiónu Turca

Herečka (Record no. 21492)

MARC details
000 -LEADER
fixed length control field 01551cam a2200433 4500
001 - CONTROL NUMBER
control field 21492
003 - CONTROL NUMBER IDENTIFIER
control field VRT
005 - DATE AND TIME OF LATEST TRANSACTION
control field 20260302143500.0
008 - FIXED-LENGTH DATA ELEMENTS--GENERAL INFORMATION
fixed length control field 200507s2018 xo er 000 fdslo
015 ## - NATIONAL BIBLIOGRAPHY NUMBER
National bibliography number SNBA2019/05
020 ## - INTERNATIONAL STANDARD BOOK NUMBER
International Standard Book Number 9788056902189
Qualifying information (viazané)
035 ## - SYSTEM CONTROL NUMBER
System control number urn:nbn:sk:snk-am00dy65
035 ## - SYSTEM CONTROL NUMBER
System control number urn:nbn:sk:snk-am3i98a
035 ## - SYSTEM CONTROL NUMBER
System control number 3F98DDDD-4A0D-461E-905C-A1D0DD2D29A1
039 #9 - LEVEL OF BIBLIOGRAPHIC CONTROL AND CODING DETAIL [OBSOLETE]
Level of rules in bibliographic description 202310241422
Level of effort used to assign nonsubject heading access points AUTHORITY
Level of effort used to assign subject headings 202005070808
Level of effort used to assign classification VLOAD
Level of effort used to assign subject headings 201905021605
Level of effort used to assign classification msnk21
Level of effort used to assign subject headings 201904240735
Level of effort used to assign classification msvkbb01
040 ## - CATALOGING SOURCE
Original cataloging agency ZKSE
Language of cataloging slo
Transcribing agency ZKSE
Modifying agency PPPK
-- SNK
Description conventions rda
041 0# - LANGUAGE CODE
Language code of text/sound track or separate title slo
044 ## - COUNTRY OF PUBLISHING/PRODUCING ENTITY CODE
MARC country code xo
ISO country code SK
072 #7 - SUBJECT CATEGORY CODE
Subject category code 821.162.4-3
Subject category code subdivision Slovenská próza
Source konspekt
080 ## - UNIVERSAL DECIMAL CLASSIFICATION NUMBER
Universal Decimal Classification number 821.162.4-31
Edition identifier 2011
100 1# - MAIN ENTRY--PERSONAL NAME
Personal name Havranová, Ivana,
Dates associated with a name 1952-
Relationship aut
245 10 - TITLE STATEMENT
Title Herečka
Statement of responsibility, etc. Ivana Havranová
250 ## - EDITION STATEMENT
Edition statement 1. vydanie
264 #1 - PRODUCTION, PUBLICATION, DISTRIBUTION, MANUFACTURE, AND COPYRIGHT NOTICE
Place of production, publication, distribution, manufacture Bratislava
Name of producer, publisher, distributor, manufacturer Marenčin PT
Date of production, publication, distribution, manufacture, or copyright notice 2018
300 ## - PHYSICAL DESCRIPTION
Extent 158 strán
Dimensions 21 cm
336 ## - CONTENT TYPE
Content type term text
Content type code txt
Source rdacontent
337 ## - MEDIA TYPE
Media type term bez média
Media type code n
Source rdamedia
338 ## - CARRIER TYPE
Carrier type term zväzok
Carrier type code nc
Source rdacarrier
500 ## - GENERAL NOTE
General note Obsahuje biografické údaje o autorke na prebale publikácie
655 #7 - INDEX TERM--GENRE/FORM
Genre/form data or focus term slovenské romány
Source of term SNKPH
655 #7 - INDEX TERM--GENRE/FORM
Genre/form data or focus term Slovak fiction
Source of term SNKPH
942 ## - ADDED ENTRY ELEMENTS (KOHA)
Source of classification or shelving scheme Dewey Decimal Classification
Koha item type Krásna literatúra pre dospelých
Suppress in OPAC No
949 ## - LOCAL PROCESSING INFORMATION (OCLC)
6 270001000602118
a svkbbA 157272
b svkbbm 783120
949 ## - LOCAL PROCESSING INFORMATION (OCLC)
6 17A1364175
a snkSC 183983
b snk2019/11465
o 909/19
s 6100:20190506
949 ## - LOCAL PROCESSING INFORMATION (OCLC)
6 2889343722
a savukPV 28030
b savuk2019/1706
949 ## - LOCAL PROCESSING INFORMATION (OCLC)
6 273K0646513
a svkpoA 242855
b svkpo638297
949 ## - LOCAL PROCESSING INFORMATION (OCLC)
6 17A1375580
a snkSC 183983 D1
b snk2019/20760
o 909/19
Holdings
Stav vyradenia Strata Poškodenie Spôsob nadobudnutia Domovská knižnica Aktuálna knižnica Dátum nadobudnutia Total checkouts Čiarový kód exemplára Date last seen Typ exemplára Cena
      Kúpa Obecná knižnica Horná Štubňa Obecná knižnica Horná Štubňa 24.03.2026   9788056902189 24.03.2026 Krásna literatúra pre dospelých 5.99
      Dar Obecná knižnica Turčianska Štiavnička Obecná knižnica Turčianska Štiavnička 02.03.2026   4738000203 02.03.2026 Krásna literatúra pre dospelých  
Projekt je podporený Slovenskou asociáciou knižníc
Prevádzkuje Turčianska knižnica Martin 2026